00415nam a2200145Ia 4500008004100000020001500041041001200056082002000068100006600088245004100154250001200195260002700207300001200234650002300246231217s9999 xx 000 0 und d a8178815168 aEnglish a658.1 SEE;1 R aSeethapathi, K ed. Suryanarayana, A ed. Banerjee, Arindam ed. 0aFinancial strategy : an introduction a1st ed. c2005bIcfaiaHyderabad aiv, 220 aFinancial,strategy